000 00309nam a22001217a 4500
003 SGT
082 _a158.1,CHI
100 _aचिरंजीव सिंह
245 _aयह जन्म तुम्हारे लेख
260 _bCHAND PRABHU PUB.
_c2015
300 _a180
942 _2ddc
_cGF BOOKS
999 _c34581
_d34581